| 000 | 00458nam a2200181Ia 4500 | ||
|---|---|---|---|
| 001 | 9033 | ||
| 005 | 20260306160653.0 | ||
| 008 | 260306t1946||||xx |||||||||||||| ||spa|| | ||
| 041 | _aESP | ||
| 082 |
_a372.372 _bS29 |
||
| 100 |
_aSchilgen, Hardy _eAUT |
||
| 245 | 0 |
_aNormas morales de educación sexual: _bniñez - pubertad - juventud |
|
| 260 | _c1946 | ||
| 300 |
_a171 páginas : _c20 cm. |
||
| 650 | _aGEN | ||
| 654 | _aCED | ||
| 942 |
_cLIB _dJUS _fJUS _2ddc _n |
||
| 999 |
_c9033 _d9033 |
||